Linear Algebra Done Right (Record no. 9612)

MARC details
000 -LEADER
fixed length control field 00527nam a22002057a 4500
003 - CONTROL NUMBER IDENTIFIER
control field OSt
005 - DATE AND TIME OF LATEST TRANSACTION
control field 20260326173712.0
008 - FIXED-LENGTH DATA ELEMENTS--GENERAL INFORMATION
fixed length control field 260326b |||||||| |||| 00| 0 eng d
020 ## - INTERNATIONAL STANDARD BOOK NUMBER
International Standard Book Number 9783031410253
040 ## - CATALOGING SOURCE
Transcribing agency DDC
082 ## - DEWEY DECIMAL CLASSIFICATION NUMBER
Classification number 512.5 AXL 2024
100 ## - MAIN ENTRY--PERSONAL NAME
Personal name Axler, Sheldon
9 (RLIN) 1
245 ## - TITLE STATEMENT
Title Linear Algebra Done Right
250 ## - EDITION STATEMENT
Edition statement 4th ed.
260 ## - PUBLICATION, DISTRIBUTION, ETC. (IMPRINT)
Place of publication, distribution, etc. USA; Springer, 2024
300 ## - PHYSICAL DESCRIPTION
Extent xvii,390p.; Col.Ill: 24cm
504 ## - BIBLIOGRAPHY, ETC. NOTE
Bibliography, etc Photos, symbols, & Index included
650 ## - SUBJECT ADDED ENTRY--TOPICAL TERM
Topical term or geographic name as entry element Linear algebra
9 (RLIN) 3634
942 ## - ADDED ENTRY ELEMENTS (KOHA)
Source of classification or shelving scheme Dewey Decimal Classification
Koha item type Open Shelf
Holdings
Withdrawn status Lost status Source of classification or shelving scheme Damaged status Not for loan Home library Current library Date acquired Source of acquisition Inventory number Total Checkouts Full call number Barcode Date last seen Koha item type
    Dewey Decimal Classification     MUST Main Library MUST Main Library 26/03/2026 Purchase 26/42612   512.5 AXL 2024 2026-0062 26/03/2026 Open Shelf
    Dewey Decimal Classification     MUST Main Library MUST Main Library 26/03/2026 Purchase 26/42613   512.5 AXL 2024 2026-0063 26/03/2026 Open Shelf